000 00684nam a2200205Ia 4500
001 15719
003 GE_BSU
008 181216s||||||||xx |||||||||||||| ||und||
040 _cGE_BSU
080 _a821.353.1-1
100 _aწერეთელი, გიორგი
245 _aმტკვარქვეშ ნაწერი ლექსები
245 _cრედ.მ.არაბული. მხატვ.გ.ლომიძე
260 _aთბილისი
260 _bნაკადული
260 _c1990
300 _a134 გვ. ; 16 სმ
653 _aმტკვარქვეშ ნაწერი ლექსები
942 _cBK
999 _c48817
_d48817